Vstupujeme do století komodit?
Rast spotreby surovín ako napríklad zlato, ropa, kukurica, platina, striebro, sójové boby, etanol. Vyčerpateľnosť niektorých komodít. Záujem o investovanie do komodít. Vzťah inflácie a investovaní do energie. Zlato ako stabilná komodita.
Saved in:
| Main Author: | |
|---|---|
| Format: | Book Chapter |
| Language: | Czech |
| Subjects: | |
| Tags: |
No Tags, Be the first to tag this record!
|
MARC
| LEADER | 00000naa$a2200000$$$4500 | ||
|---|---|---|---|
| 001 | 0068867 | ||
| 005 | 20231010094615.8 | ||
| 041 | 0 | |a cze | |
| 044 | |a CZ | ||
| 245 | 1 | 0 | |a Vstupujeme do století komodit? |c Petr Sklenář |
| 520 | |a Rast spotreby surovín ako napríklad zlato, ropa, kukurica, platina, striebro, sójové boby, etanol. Vyčerpateľnosť niektorých komodít. Záujem o investovanie do komodít. Vzťah inflácie a investovaní do energie. Zlato ako stabilná komodita. | ||
| 610 | 2 | 0 | |a komodity |
| 610 | 2 | 0 | |a investície |
| 610 | 2 | 0 | |a zásoby nerastné |
| 610 | 2 | 0 | |a inflácia |
| 100 | 1 | |a Sklenář, Petr | |